| 000 | 01053nam a22003017a 4500 | ||
|---|---|---|---|
| 001 | 6492 | ||
| 003 | FISKH | ||
| 005 | 20250506122722.0 | ||
| 008 | 250506b cb ||||| |||| 00| 0 eng d | ||
| 020 | _a9780439656245 | ||
| 040 |
_aDLC _cDLC _dDLC _beng |
||
| 050 | _aPZ7.C6837 G | ||
| 082 | _a813.6 | ||
| 100 | 1 |
_aCollins, Suzanne. _d(1962–) |
|
| 245 | 1 | 0 |
_aGregor and the curse of the warmbloods / _cSuzanne Collins. |
| 250 | _aThis edition first published in 2006 | ||
| 260 |
_aNew York : _bScholastic, _c2005. |
||
| 300 |
_a358 pages : _c20 cm. |
||
| 505 | _aR | ||
| 520 | _aEleven-year-old Gregor and his younger sister, Boots, return to the Underworld beneath New York City to find the cure for a terrible plague that threatens the life of their mother, as well as the lives of the people, bats, and rats who populate the underworld. | ||
| 521 | 8 |
_a710
_bLexile |
|
| 521 | 8 |
_aR
_bRaz-Plus |
|
| 650 | 1 |
_aSiblings _vFiction. |
|
| 650 | 1 |
_aAnimals _vFiction. |
|
| 650 | 1 |
_aPlague _vFiction. |
|
| 942 |
_2ddc _cBK _n0 |
||
| 999 |
_c6492 _d6492 |
||